000 00696nam a2200181 i 4500
001 38632
003 ES-MaACL
005 20250820063027.0
007 t|
008 030226m18601869po ||||1| por d
100 1 _aCamões, Luís de,
_d1524?-1580
_9181622
245 1 0 _aObras /
_cde Luis de Camoes ; precedidas de um ensaio biographico no qual se relatam algums factos nao conhecidos da sua vida augmentadas com algumas composiçoos meditas do poeta pelo Vizconde de Juromenha.
260 _aLisboa :
_b[s.n.,
_c1860-1869] (
_fImprensa Nacional)
300 _a6 v. ;
_c23 cm.
700 1 _aJuromenha
_c, Vizconde de.
_967337
852 _aES-MaACL
_jG-8683-8
999 _c38632
_d38632